Statistiques concernant best scorer top 14 2021-2022

Cliquez ici pour prendre le quiz!

Statistiques générales

  • Ce quiz a été pris 16 fois
  • Le résultat moyen est 4 sur 10

Statistiques - réponses

PointsPlayers% Correct
217Thomas Ramos
77%
250Antoine Hastoy
54%
197Benjamin Urdapilleta
46%
171Ihaia West
46%
216Louis Carbonel
46%
189Joris Segonds
38%
251Léo Berdeu
38%
165Morgan Parra
38%
146Paolo Garbisi
38%
167Maxime Machenaud
15%

Distribution des résultats

Percentile par nombre de réponses

% des personnes avec chaque résultat

Votre développement - résultats

Vous n’avez pas pris ce quiz